| 000 | 01255nam a2200313 4500 | ||
|---|---|---|---|
| 001 | 0000017679 | ||
| 003 | CO-CtgCURN | ||
| 005 | 20250514181611.0 | ||
| 007 | ta | ||
| 008 | 160627s2001 000 0 eng d | ||
| 020 | _a9586901416 | ||
| 040 |
_aCO-CtgCURN _bspa _ccoctgcurn |
||
| 082 | 0 |
_a346.023 _bE795 |
|
| 245 | 0 | 0 |
_aEstatuto de contratacion administrativa : _bley 80 de 1993 / _ccompilado y concordado por Didier Morales Restrepo. |
| 250 | _a7a. ed. | ||
| 260 |
_aBogotá : _bEditorial Leyer, _c2001. |
||
| 300 | _a380 p. | ||
| 336 | _2rdacontent | ||
| 337 |
_2rdamedia _asin mediacion _bn |
||
| 338 |
_2rdacarrier _avolumen _bnc |
||
| 490 | 1 | _aColección códigos brevis | |
| 500 | _aIncluye indices\Suplemento. | ||
| 505 | 8 | _aDe los principios de la contratacion estatal.--Del contrato estatal.--De la nulidad de los contratos.--De la reponsabilidad contractual.--De la liquidacion de los contratos.--Del control de la gestion contractual.--De la solucion de las controversias contractuales.--De la disposiciones varias | |
| 650 | 1 | 4 | _aLey 80 de 1993. |
| 700 | 1 | _aMorales Restrepo, Didier. | |
| 908 | _a160627 | ||
| 942 |
_cBK _h346.023 _iE795 _2ddc _n0 |
||
| 999 |
_c20099 _d20099 |
||